Statistics for Top 10 NBA Point Guards (2012/2013)

Click here to take the quiz!

General Stats

  • This quiz has been taken 540 times
    (515 since last reset)
  • The average score is 8 of 20

Answer Stats

RankPlayer% Correct
Stephen Curry
83%
1Chris Paul
81%
3Russell Westbrook
78%
2Derrick Rose
65%
Kyrie Irving
60%
7Steve Nash
60%
4Rajon Rondo
54%
6Tony Parker
51%
John Wall
47%
Jason Kidd
46%
5Deron Williams
42%
Honorable Mentions:Kyle Lowry
27%
Mike Conley
27%
Jrue Holiday
20%
10Jeremy Lin
16%
8Ty Lawson
14%
Brandon Jennings
11%
Raymond Felton
8%
Jose Calderon
5%
9Devin Harris
1%

Score Distribution

Percentile by Number Answered

Percent of People with Each Score

Your Score History

You have not taken this quiz since the last reset